Greatest Knicks NBA Players - Statistics

General Stats
  • This quiz has been taken 220 times
  • The average score is 10 of 16
Answer Stats
Picture Answer % Correct
Patrick Ewing
97%
Carmelo Anthony
94%
Jalen Brunson
88%
Walt Frazier
86%
Julius Randle
85%
Willis Reed
69%
Amar'e Stoudemire
58%
Latrell Sprewell
58%
John Starks
56%
Bernard King
44%
Earl Monroe
43%
Allan Houston
42%
Dave DeBusschere
41%
Charles Oakley
37%
Larry Johnson
31%
Bill Bradley
23%
No matching quizzes found
Score Distribution
Percent of People with Each Score
Percentile by Number Answered
Your Score History
You have not taken this quiz